| 000 | 01389cam a2200373 a 4500 | ||
|---|---|---|---|
| 001 | 11761988 | ||
| 003 | OSt | ||
| 005 | 20140404083505.0 | ||
| 008 | 990729s2000 nyu c 000 1 eng | ||
| 010 | _a 99043159 | ||
| 020 | _a9780803725188 | ||
| 035 | _a(DLC) 99043159 | ||
| 040 |
_aDLC _cDLC _dDLC |
||
| 042 | _alcac | ||
| 050 | 0 | 0 |
_aPZ 7 _b.P338Yh 2002 |
| 100 | 1 |
_aPeck, Richard, _d1934- _921741 |
|
| 245 | 1 | 2 |
_aA year down yonder / _cRichard Peck. |
| 260 |
_aNew York : _bDial Books for Young Readers, _cc2004. |
||
| 300 |
_a130 p. : _c22 cm. |
||
| 520 | _aDuring the recession of 1937, fifteen year-old Mary Alice is sent to live with her feisty, lager-than-life grandmother in rural illinois and comes to a better understanding of this fearsome woman. | ||
| 521 | _aG4 | ||
| 526 | _c610 | ||
| 562 | _e1 | ||
| 586 | _aNewbery Medal, 2001 | ||
| 650 |
_aGrandmothers _xFiction. _921742 |
||
| 650 |
_aContry life _xIllinois _xFiction. _921743 |
||
| 650 |
_aIllinois _xFiction. _921744 |
||
| 856 | 4 | 2 |
_3Publisher description _uhttp://www.loc.gov/catdir/enhancements/fy1207/99043159-d.html |
| 906 |
_a7 _bcbc _corignew _d1 _eocip _f19 _gy-gencatlg |
||
| 942 |
_2lcc _cBK |
||
| 999 |
_c47386 _d47386 |
||